Online Public Access Catalog -OPAC

Biochemistry (Record no. 2661)

MARC details
000 -LEADER
fixed length control field 00460nam a2200157Ia 4500
008 - FIXED-LENGTH DATA ELEMENTS--GENERAL INFORMATION
fixed length control field 180412s9999||||xx |||||||||||||| ||und||
020 ## - INTERNATIONAL STANDARD BOOK NUMBER
International Standard Book Number 5030005439
040 ## - CATALOGING SOURCE
Original cataloging agency Ahmadu Bello University Library - Zaria
050 ## - LIBRARY OF CONGRESS CALL NUMBER
Classification number QD415 Str
100 ## - MAIN ENTRY--PERSONAL NAME
Personal name Stroev, E.A.
245 #0 - TITLE STATEMENT
Title Biochemistry
Statement of responsibility, etc. by E.A. Stroev
260 ## - PUBLICATION, DISTRIBUTION, ETC.
Place of publication, distribution, etc. Moscow
Name of publisher, distributor, etc. MIR Publihers
Date of publication, distribution, etc. 1989
300 ## - PHYSICAL DESCRIPTION
Extent 472p., ill., diagr., tables
500 ## - GENERAL NOTE
General note Includes index

No items available.

Customized by ICT Technical Service Unit on 29th Dec 2022

Kashim Ibrahim Library